<?xml version="1.0" encoding="UTF-8"?><?xml-stylesheet type="text/xsl" href="static/style.xsl"?><OAI-PMH xmlns="http://www.openarchives.org/OAI/2.0/" xmlns:xsi="http://www.w3.org/2001/XMLSchema-instance" xsi:schemaLocation="http://www.openarchives.org/OAI/2.0/ http://www.openarchives.org/OAI/2.0/OAI-PMH.xsd"><responseDate>2026-04-19T04:32:26Z</responseDate><request verb="GetRecord" identifier="oai:riubu.ubu.es:10259/6770" metadataPrefix="marc">https://riubu.ubu.es/oai/request</request><GetRecord><record><header><identifier>oai:riubu.ubu.es:10259/6770</identifier><datestamp>2025-07-14T22:42:29Z</datestamp><setSpec>com_10259_5088</setSpec><setSpec>com_10259_2728</setSpec><setSpec>col_10259_5421</setSpec></header><metadata><record xmlns="http://www.loc.gov/MARC21/slim" xmlns:doc="http://www.lyncode.com/xoai" xmlns:xsi="http://www.w3.org/2001/XMLSchema-instance" xmlns:dcterms="http://purl.org/dc/terms/" xsi:schemaLocation="http://www.loc.gov/MARC21/slim http://www.loc.gov/standards/marcxml/schema/MARC21slim.xsd">
<leader>00925njm 22002777a 4500</leader>
<datafield tag="042" ind1=" " ind2=" ">
<subfield code="a">dc</subfield>
</datafield>
<datafield tag="720" ind1=" " ind2=" ">
<subfield code="a">Martínez-Martínez, Víctor</subfield>
<subfield code="e">author</subfield>
</datafield>
<datafield tag="520" ind1=" " ind2=" ">
<subfield code="a">Desde hace algunos años, la educación integrada en ciencias, tecnología,&#xd;
ingeniería y matemáticas (STEM, por sus siglas en inglés) viene mostrándose&#xd;
efectiva para potenciar el desarrollo competencial del alumnado. Por otro lado, la&#xd;
inclusión de la historia, la filosofía y la sociología en la enseñanza de las ciencias&#xd;
resulta esencial para alcanzar una adecuada alfabetización científica de la&#xd;
ciudadanía. Sin embargo, recién se ha comenzado a discutir sobre la Naturaleza&#xd;
de STEM desde el campo de las Didáctica de las Ciencias. Dado que no existen&#xd;
herramientas que permitan evaluar los conocimientos sobre Naturaleza de STEM&#xd;
que posee el alumnado, el principal objetivo de este trabajo es diseñar y validar un&#xd;
instrumento apropiado para estudiantes de Educación Secundaria Obligatoria,&#xd;
Bachillerato y Universidad. Este instrumento permitirá conocer y evaluar las&#xd;
visiones y conocimientos sobre la Naturaleza de STEM de la ciudadanía con el&#xd;
objetivo de mejorar la enseñanza de las ciencias y, así, democratizar el&#xd;
conocimiento científico-tecnológico y alinear a la comunidad científica con los&#xd;
intereses y necesidades de la sociedad.</subfield>
</datafield>
<datafield tag="520" ind1=" " ind2=" ">
<subfield code="a">Since a few years the integrated education in science, technology, engineering and&#xd;
mathematics (STEM) proves to be effective for the students’ competence&#xd;
development. Furthermore, including history, philosophy and sociology in science&#xd;
education is essential for reaching a proper citizenship science literacy.&#xd;
Nevertheless, Nature of STEM is now beginning to be discussed from the Didactic&#xd;
of Science field. Since there is not any tool to measure Nature of STEM knowledge,&#xd;
this work intends to design and validate a suitable instrument for high school and&#xd;
university students. This instrument will let us know citizenship views and&#xd;
understandings of Nature of Science, with the aim of improve science education, as&#xd;
well as democratize scientific-technological knowledge and align science&#xd;
community to social concerns and necessities.</subfield>
</datafield>
<datafield tag="024" ind2=" " ind1="8">
<subfield code="a">http://hdl.handle.net/10259/6770</subfield>
</datafield>
<datafield ind1=" " ind2=" " tag="653">
<subfield code="a">Educación STEM integrada</subfield>
</datafield>
<datafield ind1=" " ind2=" " tag="653">
<subfield code="a">Naturaleza de la ciencia</subfield>
</datafield>
<datafield ind1=" " ind2=" " tag="653">
<subfield code="a">Historia de la ciencia</subfield>
</datafield>
<datafield ind1=" " ind2=" " tag="653">
<subfield code="a">Filosofía de la ciencia</subfield>
</datafield>
<datafield ind1=" " ind2=" " tag="653">
<subfield code="a">Sociología de la ciencia</subfield>
</datafield>
<datafield ind1=" " ind2=" " tag="653">
<subfield code="a">Naturaleza de STEM</subfield>
</datafield>
<datafield ind1=" " ind2=" " tag="653">
<subfield code="a">Instrumento</subfield>
</datafield>
<datafield ind1=" " ind2=" " tag="653">
<subfield code="a">Ecología del fuego</subfield>
</datafield>
<datafield ind1=" " ind2=" " tag="653">
<subfield code="a">Integrated STEM education</subfield>
</datafield>
<datafield ind1=" " ind2=" " tag="653">
<subfield code="a">Nature of Science</subfield>
</datafield>
<datafield ind1=" " ind2=" " tag="653">
<subfield code="a">History of Science</subfield>
</datafield>
<datafield ind1=" " ind2=" " tag="653">
<subfield code="a">Philosophy of Science</subfield>
</datafield>
<datafield ind1=" " ind2=" " tag="653">
<subfield code="a">Sociology of Science</subfield>
</datafield>
<datafield ind1=" " ind2=" " tag="653">
<subfield code="a">Nature of STEM</subfield>
</datafield>
<datafield ind1=" " ind2=" " tag="653">
<subfield code="a">Instrument</subfield>
</datafield>
<datafield ind1=" " ind2=" " tag="653">
<subfield code="a">Fire Ecology</subfield>
</datafield>
<datafield tag="245" ind1="0" ind2="0">
<subfield code="a">Diseño y validación de un instrumento para evaluar el conocimiento sobre Naturaleza de STEM</subfield>
</datafield>
</record></metadata></record></GetRecord></OAI-PMH>